00525nam a2200157 a 450000500170000000800410001702000180005805000210007610000180009724500500011526000320016530000090019744000250020699900190023195201170025020140412111428.0090224s19uu xx 00 eng d a0-439-87123-9 aTR(PS EbMy 2007 aParker, David aMy Sister has a new computer /cDavid Parker. aU.S.A :bScholastic,c2007. aunp. aThe Best me i can be c106296d106296 00104050aELbELcTRd2009-02-24eGiftg95.00l0oTR(PS E My 2007pE11554r2014-04-12 00:00:00w2014-04-12yBK